| 000 | 00435 a2200145 4500 | ||
|---|---|---|---|
| 999 |
_c2227 _d2227 |
||
| 020 | _a9781408111901 | ||
| 050 | _aHF5389 NEG 2009 | ||
| 100 |
_aA. & C. Black _eauthor |
||
| 245 |
_a Negotiate successfully : _bhow to get your way and find win-win solutions |
||
| 264 |
_aLondon _bA & C Black _c2009 |
||
| 300 | _a90p. : | ||
| 500 | _aIncludes index | ||
| 650 |
_aNegotiation in business _xNegotiation |
||
| 942 |
_2lcc _cBK _h5389 _iNEG _k2009 |
||